Microbil communities : from life apart to life together (Record no. 41643)

MARC details
000 -LEADER
fixed length control field 00407nam a2200157Ia 4500
100 ## - STATEMENT OF RESPONSIBILITY--MAIN AUTHOR NAME
Personal name Buckley, Merry R.
245 #0 - TITLE STATEMENT
Title Microbil communities : from life apart to life together
260 ## - PUBLICATION, DISTRIBUTION, ETC. (IMPRINT)
Place of publication Washington
260 ## - PUBLICATION, DISTRIBUTION, ETC. (IMPRINT)
Name of publisher American Academy of Microbiology
260 ## - PUBLICATION, DISTRIBUTION, ETC. (IMPRINT)
Year of publication 2002
300 ## - PHYSICAL DESCRIPTION
Number of Pages 20 p
650 ## - SUBJECT ADDED ENTRY--TOPICAL TERM
Topical Term Washington
942 ## - ADDED ENTRY ELEMENTS (KOHA)
Koha item type Books
Holdings
Withdrawn status Lost status Source of classification or shelving scheme Damaged status Not for loan Permanent Location Current Location Shelving location Date acquired Accession Number Price effective from Koha item type
    Library of Congress Classification     NILE UNIVERSITY OF NIGERIA - MAIN LIBRARY NILE UNIVERSITY OF NIGERIA - MAIN LIBRARY Items on shelf 06/03/2025 0001555 06/03/2025 Books
    Library of Congress Classification     NILE UNIVERSITY OF NIGERIA - MAIN LIBRARY NILE UNIVERSITY OF NIGERIA - MAIN LIBRARY Items on shelf 06/03/2025 0001558 06/03/2025 Books